000 00356nam a2200145Ia 4500
005 20251222141929.0
008 251222s9999||||xx |||||||||||||| ||spa||
020 _a8480021101
082 _a346.46/L18
100 _aLalaguna Domínguez, Enrique
245 0 _aCurso de Derecho Civil III:
250 _a2a. ed.
264 _bTirant lo Blanch
942 _cLIB
999 _c8974
_d8974